Statistics for World Countries Logic Puzzle

Click here to take the quiz!

General Stats

  • This quiz has been taken 38 times
    (18 since last reset)
  • The average score is 12 of 50

Answer Stats

% Correct
Palau: This country is the only country without an official capital.
100%
Nauru: This country is an asian, double landlocked country.
62%
Uzbekistan: Go back to Nauru, what if it was european?
54%
Benin: What is the country with 3 capitals?
46%
Eswatini: Which country has a capital that sounds like the capital of Mozambique?
46%
Lesotho: What is the other country that is landlocked, but borders Mozambique?
46%
Liechtenstein: What is the southern country that is landlocked by Italy?
46%
San Marino: What is the african country with a de-facto capital?
46%
South Africa: What is the country that is landlocked inside of this country?
46%
Vatican City: Go back to Liechtenstein, what if its the northern country?
46%
Marshall Islands: Which country has a capital that sounds like the capital of South Sudan?
31%
Fiji: This is the only country in Oceania that goes from east to west in a normal world map.
23%
Kiribati: Which country owns Cook Island?
23%
New Zealand: This country has a water brand named after it.
23%
Argentina: What is the only country to border UK?
15%
Armenia: What country has the longest capital to start with Y?
15%
Brazil: What is the other country to border France in South America?
15%
Cameroon: What is the country with a capital name similar to the capital name of Bangladesh?
15%
Canada: What is the other country on Hans Island?
15%
Cyprus: Who owns Northern Cyprus?
15%
Denmark: What is the country that borders North Sudan, and borders South Sudan too?
15%
Egypt: What is the country that is not in the world capitals quiz, the world countries quiz, or the world flags quiz?
15%
Ethiopia: What is the country that borders Malaysia which capital sounds bad when pronounced?
15%
Fiji: What is the youngest country yet?
15%
Gambia: Out of both of the Guinea countries, which one does not have their capital name in their country name?
15%
Germany: What is the second country to border Denmark?
15%
Guatemala: What is the country with the most similar capital name to the capital of Haiti?
15%
Guinea: Good job, you won!
15%
Ireland: By a single island, which country does Bahrain border?
15%
Italy: This country used to be “Prussia”.
15%
Ivory Coast: In europe, this is the only non-nordic country to not have any bordering countries.
15%
Malta: What is the closest island country to this country?
15%
Monaco: By technicality, what is the biggest country to border France?
15%
Oman: Which country has a similar flag to Bahrain?
15%
Palestine: What is the smallest country to border France?
15%
Qatar: Which asian country has a capital that starts with Y?
15%
Romania: What country has a flag that looks like Micronesia?
15%
Saint Vincent and the Grenadines: Which country has the longest capital name?
15%
Saudi Arabia: Which country borders this country, which also has an island with special trees?
15%
Senegal: Which country only borders this country?
15%
Somalia: What is the african country that was never colonized, and also inspired almost every other country flag?
15%
South Sudan: What country adds a “w” in Jamaica’s capital in their capital?
15%
Sri Lanka: Go back to Liechtenstein, what is the country said?
15%
Sudan: Go back to Denmark, what if they border Libya instead of South Sudan?
15%
Suriname: What country is closest to UK in South America?
15%
Thailand: What is the 4th country that has a capital starting with Y and also not been typed yet?
15%
Trinidad and Tobago: What is the country that has the country “Oman” in its name?
15%
Turkey: Which country has so much debt that it reaches Neptune when you stack it in pennies?
15%
USA: What country in Central America has their capital just using their country name then adding “City” at the end, as well as bordering one of the 3 biggest countries in North America?
15%
Yemen: What is the other bordering country of Saudi Arabia which is also the other country that only starts with a specific letter?
15%

Score Distribution

Percentile by Number Answered

Percent of People with Each Score

Your Score History

You have not taken this quiz since the last reset